00610nam a2200205Ia 4500003000400000005001700004008004100021020001500062040001800077041000800095082002000103100001700123245007000140250001200210260005000222300002900272650002600301650003600327650004100363OSt20251203114646.0210716s2001 xx 000 0 und d a8173193822 cAIMIT LIBRARY aeng a006.3221bSHUK aShukla, K K. aNeuro- computers : botimization based learning /cBy K K Shukla. a1st ed. aNew Delhi :bNarosa Publishing House ,c2001. axiv,142p. ;bPBc24.5 cm aHistorical background aThe search for global solutions aGenetic training in neuro- computers